000 01543cam a2200325 i 4500
003 SA-RiAUC
005 20250923041041.0
008 250901s2000 ts g b f000r0dara c
040 _aSA-JeALM
_bara
_cSA-RiAUC
_erda
082 0 4 _a258.2
_qSA-RiAUC
090 _a258.2
_bس ي ف
100 1 _aسيف، أحمد محمد نور
_eمؤلف.
245 1 0 _aعمل أهل المدينة بين مصطلحات مالك وآراء الأصوليين /
_cبقلم أ. د. أحمد محمد نور سيف.
250 _aالطبعة الثانية.
264 1 _aدبي، الإمارات العربية المتحدة :
_bدار البحوث للدراسات الإسلامية وإحياء التراث،
_c2000.
300 _a559 صفحة ؛
_c24 سم.
336 _aنص
_btxt
_2rdacontent
_3كتاب
337 _aبدون وسيط
_bn
_2rdamedia
338 _aمجلد
_bnc
_2rdacarrier
490 0 _aمجموعة عمل أهل المدينة ؛
_v3
490 1 _aالدراسات الأصولية ؛
_v3
504 _aيشتمل على إرجاعات ببليوجرافية.
504 _aببليوجرافية : صفحة 529-552.
600 1 7 _aالإمام مالك، مالك بن أنس بن مالك،
_d93-179 هجري
_2aucnm
650 7 _aالفقه المالكي
_2aucsh
650 7 _aأصول الفقه الإسلامي
_2aucsh
830 2 _aالدراسات الأصولية (دار البحوث للدراسات الإسلامية والتراث)
_v3
942 _2ddc
_cBOOK
_n0
949 _aSA-JeALM
_d250901
_uosman123
_n1
999 _c12028
_d12028